| 000 | 01285nam a22002537a 4500 | ||
|---|---|---|---|
| 001 | 9589 | ||
| 003 | FISKH | ||
| 005 | 20260227163020.0 | ||
| 008 | 260123b cb ||||| |||| 00| 0 eng d | ||
| 020 | _a9781529096224 | ||
| 040 |
_aFISKH _beng _cFISKH _dFISKH |
||
| 050 | _aPZ7.7 .G74 .A | ||
| 082 | _a741.5 | ||
| 100 | _aGreen , John Patrick | ||
| 245 |
_aInvestiGators : _bBraver and boulder / _cWritten and illustrated by John Patrick Green with color by Wes Dzioba |
||
| 260 |
_a London : _bMacmillan Children's Books , _c 2022 . |
||
| 300 |
_a200 pages : _bcolor illustrations ; _c21 cm . |
||
| 490 |
_aInvestiGATORS _v5 |
||
| 520 | _aThe InvestiGators are having a hard time keeping a low profile with their new headquarters being a giant robot towering over the city! How can they be SECRET agents if everyone recognizes them? But with their ears to the ground, Mango and Brash hear mysterious rumblings about BOULDER BUDDIES...are they just the latest fad or part of a mob-run scheme? And could a rocky relationship from the InvestiGators' past be trembling beneath the surface? Find out in their most stone-cold dangerous mission yet!. | ||
| 650 |
_aTalking animals _vChildren's book |
||
| 700 |
_a Dzioba , Wes _eIllustrator |
||
| 942 |
_2ddc _cBK _n0 |
||
| 999 |
_c9589 _d9589 |
||